Constitution of the Republic of Nicaragua, 1950 (as amended). (Record no. 51584)

MARC details
000 -LEADER
fixed length control field 01193cam a22002891 4500
001 - CONTROL NUMBER
control field pa 66000016
003 - CONTROL NUMBER IDENTIFIER
control field DLC
005 - DATE AND TIME OF LATEST TRANSACTION
control field 20260227111857.0
008 - FIXED-LENGTH DATA ELEMENTS--GENERAL INFORMATION
fixed length control field 770428s1966 dcu f000 0 eng c
010 ## - LIBRARY OF CONGRESS CONTROL NUMBER
LC control number pa 66000016
035 ## - SYSTEM CONTROL NUMBER
System control number (OCoLC)2924025
040 ## - CATALOGING SOURCE
Original cataloging agency Pan American Union. Library
Transcribing agency FU-L
Modifying agency NIC
-- CLU
-- DLC
041 1# - LANGUAGE CODE
Language code of text/sound track or separate title eng
Language code of original spa
042 ## - AUTHENTICATION CODE
Authentication code premarc
050 00 - LIBRARY OF CONGRESS CALL NUMBER
Classification number LAW <Central America Nicaragua 1 Const. 1966 (LL Hisp)>
082 ## - DEWEY DECIMAL CLASSIFICATION NUMBER
Classification number 342.728501
110 1# - MAIN ENTRY--CORPORATE NAME
Corporate name or jurisdiction name as entry element Nicaragua.
240 10 - UNIFORM TITLE
Uniform title Constitución (1950)
245 10 - TITLE STATEMENT
Title Constitution of the Republic of Nicaragua, 1950 (as amended).
260 ## - PUBLICATION, DISTRIBUTION, ETC.
Place of publication, distribution, etc. Washington,
Name of publisher, distributor, etc. Pan American Union,
Date of publication, distribution, etc. 1966.
300 ## - PHYSICAL DESCRIPTION
Extent iv, 52 p.
Dimensions 28 cm.
500 ## - GENERAL NOTE
General note "This edition is a translation from Constitución política con notas que contienen las reformas vigentes; Ley de amparo y Ley marcial de la República de Nicaragua, printed by Tálleres Nacionales, Managua, August 1962."
500 ## - GENERAL NOTE
General note "This series is published under the direction of the General Legal Division, Department of Legal Affairs."
651 #0 - SUBJECT ADDED ENTRY--GEOGRAPHIC NAME
Geographic name Nicaragua
General subdivision Constitution.
650 #0 - SUBJECT ADDED ENTRY--TOPICAL TERM
Topical term or geographic name entry element Constitutional law
Geographic subdivision Nicaragua.
710 2# - ADDED ENTRY--CORPORATE NAME
Corporate name or jurisdiction name as entry element Pan American Union.
Subordinate unit General Legal Division.

No items available.

Powered by Koha